Vorlesungen über Rechtsphilosophie 1818-1831
Saved in:
| Main Author: | |
|---|---|
| Format: | Book |
| Language: | German |
| Published: |
Stuttgart
Frommann Holzboog
1973
|
| Subjects: | |
| Tags: |
Add Tag
No Tags, Be the first to tag this record!
|
MARC
| LEADER | 00000nam a2200000 a 4500 | ||
|---|---|---|---|
| 001 | UCZ5095 | ||
| 003 | CL-VaPUC | ||
| 008 | 951117e19730000GW |||||||||||||||||ger|d | ||
| 082 | 0 | 4 | |a 340.1 |b HEG |2 21 |
| 100 | |a Hegel, Georg Wilhelm Friedrich |e autor |9 580639 | ||
| 245 | 1 | 0 | |a Vorlesungen über Rechtsphilosophie 1818-1831 |
| 300 | |a v | ||
| 942 | |c BK | ||
| 945 | |d 19951117 00:00:00 |a cmena | ||
| 260 | |a Stuttgart |b Frommann Holzboog |c 1973 | ||
| 500 | |a v.1: Der objektive Geist. Naturrecht und Staatswissenschaft. Zeitgenössische Rezensionen | ||
| 650 | 7 | |a DERECHO |2 CL-VaPUC |9 349048 | |
| 650 | 0 | |a Teoría jurídica |9 345880 | |
| 650 | 7 | |a FILOSOFIA POLITICA |2 CL-VaPUC |9 349049 | |
| 650 | 0 | |a Filosofía alemana |9 265002 | |
| 650 | 0 | |a Idealismo |9 265685 | |
| 583 | |a last modification |c 19951117 00:00:00 |k Rodrigo Vera | ||
| 999 | |c 241421 |d 241419 | ||
| 952 | |0 0 |1 0 |4 0 |6 340_100000000000000_HEG_1973 |7 0 |8 P |9 253737 |a BIBEDU |b BIBEDU |c BIBEDU_PB |d 2019-11-19 |i 1574108 |o 340.1 HEG 1973 |p 1574108 |r 2024-01-25 |w 2019-11-19 |y BK |k FIL | ||